Word Ladder: A Wee Piece of Scotland Quiz Stats

Quiz Updated Dec 18, 2017

Challenge
Share
Tweet
Embed
Score 0/26 Timer 04:00
1 Play Today
Clue 5-Letter Word % Correct
Device displaying timeCLOCK
96.3%
Sound of a frogCROAK
95.3%
Potter's made him invisibleCLOAK
93.9%
Lose vital fluidBLEED
93.3%
[rung 1 + rung 11]: Biscuit of Scottish origin
Naan, at an Indian restaurant
[rung 11 + rung 26]: Small morsel of baked dough
▌BREAD▐
93%
Produce offspringBREED
92.6%
Noise in a haunted houseCREAK
91.9%
Reduce to fragmentsBREAK
90.8%
Secretory organ, thyroid e.g.GLAND
88.4%
Astroturf alternativeGRASS
87.9%
Highly respected; one thousand units of a given currency, slanglyGRAND
87.4%
Hardly zestyBLAND
86.5%
Social status; what students are supposed to attend, but often don'tCLASS
86.3%
Clue 5-Letter Word % Correct
'You _____ Me All Night Long' by AC/DCSHOOK
85.9%
Informal term for your parents' mothersGRANS
85.3%
[rung 1 + rung 11]: Biscuit of Scottish origin
Not long enough
▌SHORT▐
83.9%
Filming sessionSHOOT
83.2%
To appal or horrifySHOCK
83.1%
Tobacco shop offeringBLEND
82.9%
It's raised by a toasterGLASS
82.9%
Painful muscle contractionCRAMP
82.6%
Envelope fastenerCLASP
82.3%
Wedge of woodCHOCK
80.4%
Woodworking deviceCLAMP
80.1%
[rung 11 + rung 26]: Small morsel of baked dough
Broken piece of food
▌CRUMB▐
72.1%
Mayberry teacher Helen _____CRUMP
70.2%

Today's Daily Dose

You're not logged in!

Compare scores with friends on all Sporcle quizzes.
Sign Up with Email
OR
Log In

You Might Also Like...

Show Comments

Extras

Top Quizzes Today


Score Distribution

Your Account Isn't Verified!

In order to create a playlist on Sporcle, you need to verify the email address you used during registration. Go to your Sporcle Settings to finish the process.

Report this User

Report this user for behavior that violates our Community Guidelines.

Details: